Revoltijo de palabras - Estadísticas

Estadísticas generales
  • Esta prueba ha sido intentada 46 veces
  • La puntuación promedio es 8 de 12
Estadísticas de respuestas
Revuelto Respuestas % Correcto
ori Rio
97%
aaattp Patata
82%
oimln Limon
79%
readm Madre
77%
rsove Verso
77%
ueobns isad Buenos dias
74%
ddese ueogl Desde luego
69%
speecd Cesped
62%
lesnig Ingles
51%
rbahei Hierba
33%
llosorgou Orgulloso
33%
dadnisere Serenidad
33%
No se encontraron pruebas coincidentes
Distribución de puntuación
Porcentaje de gente con cada puntuación
Porcentaje por número respondido
Historial de tus puntuaciones
No has intentado esta prueba.